00588nam a22001697a 450000500170000001000150001702000100003203500140004203700130005608200080006924501050007726000360018227001140021830000210033250000320035370000330038520210311130737.0 aENG-129212 c50.00 aEN-112744 bDBAD/PUB a920 aKundrakkusi Adigal/cSethupathi, Kirungai Translated from Tamil to English by Kannaiyan Daksnamurthy aNew DelhibSahitya Bhavanc2019 bNew DelhiaRabindra Bhavan, 35, Ferozeshah Roadmsecretary@sahitya-akademi.gov.ine110001k011 23386626/27/28 a126p.c21cm(pbk) aMakers of Indian Literature aDaksnamurthy, Kannaiyan, Tr.